000 00720nam a2200229Ia 4500
003 GCL
008 140319s9999 xx 000 0 ara d
040 _aGCL /
_cGCL
082 0 4 _a613.25
_bن ر
100 1 _aنادية الانصارى (مشرفة)
245 1 0 _aالرجيم الغذائى صحة جيدة و رشاقة دائمة /
_cنادية الانصارى (مشرفة)
700 1 _aالمركز الدولى للعلاج الطبيعى
260 _a[S.N] :
_bالدار المصرية اللبنانية
300 _a160
490 _a
650 0 4 _aالتغذية
650 0 4 _aالصحة
650 0 4 _aالرجيم
650 0 4 _aالبدانة
650 0 4 _aالاغذية
942 _2ddc
_cBK
999 _c31330
_d31330